000 01412cam a2200373 a 4500
999 _c219498
_d219498
001 3525951
003 Nust
005 20180117090022.0
008 960806s1997 nyua b 001 0 eng
010 _a 96035526
020 _a0471138312 (cloth : alk. paper)
040 _aDLC
_cDLC
_dDLC
050 0 0 _aHF1359
_b.W355 1997
082 0 0 _a337
_220
100 1 _aWalther, Ted.
245 1 4 _aThe world economy /
_cTed Walther.
260 _aNew York :
_bWiley,
_cc1997.
300 _axviii, 419 p. :
_bill. ;
_c26 cm.
504 _aIncludes bibliographical references and index.
650 0 _aInternational economic relations.
650 0 _aInternational trade.
650 0 _aCommercial policy.
650 0 _aBalance of payments.
650 0 _aInternational finance.
650 0 _aForeign exchange.
650 0 _aDebts, Public.
650 0 _aInternational economic integration.
856 4 2 _3Publisher description
_uhttp://www.loc.gov/catdir/description/wiley032/96035526.html
856 4 _3Table of Contents
_uhttp://www.loc.gov/catdir/toc/onix03/96035526.html
906 _a7
_bcbc
_corignew
_d1
_eocip
_f19
_gy-gencatlg
942 _2ddc
_cBK